• 首页
  • 本馆介绍
  • 公告通知
  • 最新文献
  • 馆藏检索
  • 电子资源
  • 读者导购
  • 参考咨询
  • 我的图书馆
  • 登录
  • 详细信息显示
  • 放入我的书架
  • 预约/预借图书
  • 作者相关作品
  • 分类相关作品
  • 丛书相关作品
  • 出版社相关作品

书目信息

  • 表格格式
  • 工作单格式
  • 卡片格式
题名:
物理学
    
 
作者: 上海第一医学院 主编
分册: 下册  
出版信息: 上海   上海科学技术出版社  1979
页数: 175页
开本: 26cm
丛书名:
单 册:
中图分类: R312 , O4
科图分类:
主题词: 物理学
电子资源:
ISBN:
000 00604nam0 2200217 450
001 0637808953
005 20060725102055.37
010    @dCNY1.10
100    @a20060720d1979 km y0chiy0120 ea
101 0  @achi
102    @aCN@b310000
102    @aCN@b310000
200 1  @a物理学@Awu li xue@h下册@f上海第一医学院主编@Fshang hai di yi yi xue yuan zhu bian
210    @a上海@c上海科学技术出版社@d1979
215    @a175页@d26cm
606 0  @a物理学
690    @aR312@v4
690    @aO4@v3
701  0 @a上海第一医学院@Ashang hai di yi yi xue yuan@4主编
801  0 @aCN@bPFT@c20060725
905    @a10447@dO4@e77:2
    
    物理学.下册/上海第一医学院主编.-上海:上海科学技术出版社,1979
    175页;26cm
    
    
    ISBN :CNY1.10
    
●
相关链接 在E读中查询图书 在五车中查询图书 在当当中查询图书 在豆瓣中查询图书


正题名:物理学     索取号:O4/77:2         预约/预借

序号 登录号 条形码 馆藏地/架位号 状态 备注
1 0432320   204323204   密集书库/ [索取号:O4/77:2] 在馆    
唐山师范学院图书馆 欢迎您!
大连网信软件有限公司© 版权所有